Statistics for 外務省による危険情報レベル4を指定されている国

Click here to take the quiz!

General Stats

  • This quiz has been taken 60 times
  • The average score is 22 of 32

Answer Stats

HintAnswer% Correct
イラク
96%
イラン
91%
ロシア
87%
シリア
85%
ウクライナ
84%
アフガニスタン
84%
スーダン
84%
パキスタン
82%
南スーダン
78%
(国家承認していない地域)西サハラ
75%
イエメン
75%
インド
73%
ソマリア
71%
ニジェール
67%
中央アフリカ
65%
リビア
65%
アルジェリア
65%
ベラルーシ
65%
アルメニア
65%
ナイジェリア
64%
アゼルバイジャン
64%
マリ
64%
エリトリア
60%
チャド
58%
エチオピア
56%
コンゴ民主共和国
56%
トルコ
55%
ケニア
53%
モーリタニア
51%
カメルーン
40%
ブルキナファソ
38%
ハイチ
36%

Score Distribution

Percentile by Number Answered

Percent of People with Each Score

Your Score History

You have not taken this quiz